Charakterisierung einer ATP-abhängigen 0,3 MDa-Protease aus Herzmuskulatur und Differenzierung von anderen hochmolekularen cytosolischen Proteasen /

Main Author: Rakutt, Wolf Dieter
Corporate Author: Universität Duisburg-Essen
Language: German
Published: Essen : Wolf-Dieter Rakutt, 1993
Physical Description: 6, 117 stran : ilustrace
Book
Saved in:
LEADER 00974nam a22002652i 4500
001 001523400
003 CZ BrMZK
005 20160727100822.0
007 ta
008 160502s1993 gw a er|||||||||||ger d
040 |a BOA001  |b cze  |e rda 
100 1 |a Rakutt, Wolf Dieter  |4 dis 
245 1 0 |a Charakterisierung einer ATP-abhängigen 0,3 MDa-Protease aus Herzmuskulatur und Differenzierung von anderen hochmolekularen cytosolischen Proteasen /  |c Wolf-Dieter Rakutt 
264 1 |a Essen :  |b Wolf-Dieter Rakutt,  |c 1993 
300 |a 6, 117 stran :  |b ilustrace 
336 |a text  |b txt  |2 rdacontent 
337 |a bez média  |b n  |2 rdamedia 
338 |a svazek  |b nc  |2 rdacarrier 
502 |a Universität Duisburg-Essen, 1993 
504 |a Obsahuje bibliografii 
710 2 |a Universität Duisburg-Essen  |7 ko2007376561  |4 isb 
910 |a BOA001  |b M2-0992.879 
990 |a BK 
991 |b 201604 
996 7 |b 2619157897  |c M2-0992.879  |l MZK  |r Sklad / do 24 hodin  |n 0  |w 001558747  |u 000010  |a 1  |e BOA001  |j MZK50  |s A